000
00210nam a2200097Ia 4500
008
170619s9999 xx 000 0 und d
100
_a
Sze- S M
245
0
_a
VLSI Technology
260
_b
Mc Graw Hill
260
_c
1988
546
_a
ENGLISH
999
_c
17503
_d
17503